[Event "Mayo Cup 5th"]
[Site "Mexico City"]
[Date "2001.??.??"]
[Round "?"]
[White "Ferrera, Benjamin"]
[Black "Frey Beckman, Kenneth"]
[Result "1/2-1/2"]
[WhiteElo "2240"]
[BlackElo "2400"]
[PlyCount "128"]
[EventDate "2001.??.??"]
[EventType "swiss"]
[EventRounds "7"]
[EventCountry "MEX"]
[SourceTitle "EXT 2004"]
[Source "ChessBase"]
[SourceDate "2003.11.25"]
[SourceVersion "1"]
[SourceVersionDate "2003.11.25"]
[SourceQuality "1"]

1. c4 e6 2. Nf3 f5 3. Nc3 Nf6 4. g3 Be7 5. Bg2 0-0 6. 0-0 d6 7. d4 Qe8 8. d5 e5 9. b3 Qh5 10. Ng5 Ng4 11. Nh3 Nd7 12. f3 Nh6 13. Nf2 Nf6 14. e4 fxe4 15. Ncxe4 Nxe4 16. Nxe4 Bh3 17. Bxh3 Qxh3 18. Bxh6 Qxh6 19. Qc1 Qh5 20. Qe3 a5 21. a4 b6 22. Kg2 Rf7 23. Ra2 Raf8 24. Raf2 Qg6 25. Nc3 Bg5 26. Qe4 Qh6 27. Qg4 Be3 28. Re2 Bd4 29. Ne4 Rf5 30. h4 Bc5 31. Ng5 Qg6 32. Qe4 h6 33. Ne6 R8f7 34. Ree1 R5f6 35. Qxg6 Rxg6 36. f4 Bb4 37. Re2 Rgf6 38. Rd1 exf4 39. Nxf4 Bc3 40. Re8+ Rf8 41. Rxf8+ Rxf8 42. Ne6 Rc8 43. g4 Kf7 44. Rf1+ Ke7 45. Rf3 Be5 46. Re3 Kd7 47. g5 hxg5 48. hxg5 c6 49. Rf3 cxd5 50. cxd5 Ke7 51. g6 Rc2+ 52. Kf1 Bf6 53. Nxg7 Bxg7 54. Rf7+ Ke8 55. Rxg7 Kf8 56. Rb7 Rb2 57. Rxb6 Kg7 58. Rxd6 Rxb3 59. Ra6 Ra3 60. Rxa5 Kxg6 61. Ke2 Kf5 62. d6+ Ke6 63. Rd5 Kd7 64. Rd4 Rc3 1/2-1/2

[Event "San Francisco 2nd"]
[Site "San Francisco"]
[Date "1986.03.??"]
[Round "9"]
[White "Cross, Steven"]
[Black "Ferrera, Benjamin"]
[Result "0-1"]
[WhiteElo "2200"]
[BlackElo "2305"]
[PlyCount "80"]
[EventDate "1986.03.??"]
[EventType "tourn"]
[EventRounds "13"]
[EventCountry "USA"]
[EventCategory "4"]
[SourceTitle "EXT 2005"]
[Source "ChessBase"]
[SourceDate "2004.11.15"]
[SourceVersion "1"]
[SourceVersionDate "2004.11.15"]
[SourceQuality "1"]

1. d4 Nf6 2. c4 g6 3. Nc3 Bg7 4. e4 d6 5. Nf3 0-0 6. Be2 c5 7. 0-0 cxd4 8. Nxd4 Nbd7 9. Be3 a6 10. Qd2 Re8 11. Rfd1 b6 12. f3 Bb7 13. Rac1 Rc8 14. h3 Qc7 15. Nd5 Qb8 16. g4 e6 17. Nxf6+ Nxf6 18. Kg2 d5 19. cxd5 exd5 20. Bf4 Qa8 21. Rxc8 Bxc8 22. e5 Nd7 23. Qb4 Nxe5 24. Kf2 Nc6 25. Qa4 Bb7 26. Nxc6 Bxc6 27. Qxa6 Qxa6 28. Bxa6 Ra8 29. Rc1 Bd7 30. Rc7 Be6 31. Be2 Rxa2 32. Rb7 Bxb2 33. Be3 Kg7 34. Rxb6 Bc3 35. Rd6 Be5 36. Rd8 h6 37. Bc5 Bf6 38. Bf8+ Kh7 39. Rd6 Bg5 40. Ke1 Kg8 0-1

[Event "San Francisco 2nd"]
[Site "San Francisco"]
[Date "1986.03.??"]
[Round "2"]
[White "Winslow, Elliott C"]
[Black "Ferrera, Benjamin"]
[Result "1-0"]
[WhiteElo "2340"]
[BlackElo "2305"]
[PlyCount "101"]
[EventDate "1986.03.??"]
[EventType "tourn"]
[EventRounds "13"]
[EventCountry "USA"]
[EventCategory "4"]
[SourceTitle "EXT 2005"]
[Source "ChessBase"]
[SourceDate "2004.11.15"]
[SourceVersion "1"]
[SourceVersionDate "2004.11.15"]
[SourceQuality "1"]

1. Nf3 c5 2. e4 Nc6 3. d4 cxd4 4. Nxd4 Nf6 5. Nc3 d6 6. Bg5 e6 7. Qd2 Be7 8. 0-0-0 0-0 9. f4 h6 10. Bh4 e5 11. Nf5 Bxf5 12. exf5 exf4 13. Kb1 d5 14. Bxf6 Bxf6 15. Nxd5 Be5 16. Bc4 b5 17. Bxb5 Nd4 18. Bc4 Rc8 19. Qd3 Kh8 20. f6 Ne6 21. fxg7+ Bxg7 22. Qe4 Rb8 23. c3 Qa5 24. Bb3 Nc5 25. Qc2 Qb5 26. Rhf1 Nxb3 27. axb3 Qxb3 28. Rxf4 a5 29. Nf6 Qxc2+ 30. Kxc2 Rb5 31. Nd7 Re8 32. Rd2 Re7 33. Rc4 Rb7 34. Rc8+ Kh7 35. Nf8+ Bxf8 36. Rxf8 Re5 37. Ra8 Reb5 38. Kb1 Rc7 39. Rc2 Kg7 40. Ka2 Rg5 41. c4 h5 42. Ka3 Rgc5 43. b3 Rb7 44. Rd2 Rf5 45. Rad8 Rf1 46. Rd1 Rf2 47. R8d2 Rf4 48. Rd5 h4 49. Rxa5 h3 50. Rd3 hxg2 51. Rg5+ 1-0

[Event "San Francisco 2nd"]
[Site "San Francisco"]
[Date "1985.03.??"]
[Round "12"]
[White "Ferrera, Benjamin"]
[Black "Polgar, Zsuzsa"]
[Result "0-1"]
[WhiteElo "2305"]
[BlackElo "2400"]
[PlyCount "106"]
[EventDate "1986.03.??"]
[EventType "tourn"]
[EventRounds "13"]
[EventCountry "USA"]
[EventCategory "4"]
[SourceTitle "EXT 2005"]
[Source "ChessBase"]
[SourceDate "2004.11.15"]
[SourceVersion "1"]
[SourceVersionDate "2004.11.15"]
[SourceQuality "1"]

1. e4 c5 2. Nf3 Nc6 3. d4 cxd4 4. Nxd4 g6 5. Nc3 Bg7 6. Be3 Nf6 7. Bc4 0-0 8. Bb3 a5 9. a4 d6 10. f3 Nxd4 11. Bxd4 Be6 12. Nd5 Bxd5 13. exd5 Nd7 14. 0-0 Bxd4+ 15. Qxd4 Qb6 16. Qxb6 Nxb6 17. Rfe1 Rfe8 18. Rad1 Rac8 19. Re2 Kf8 20. Kf2 Rc5 21. Rd4 Rec8 22. Ke1 Nd7 23. Kd1 Ne5 24. c3 Rb8 25. Kc1 h5 26. f4 Ng4 27. h3 Nf6 28. Red2 b5 29. axb5 Rbxb5 30. Ba4 Rb4 31. Bd1 Rxd4 32. Rxd4 Nxd5 33. Bf3 Nb6 34. Kd2 Rc4 35. Ke3 Rxd4 36. Kxd4 h4 37. Bc6 f6 38. Be4 e5+ 39. fxe5 fxe5+ 40. Kd3 Kf7 41. b4 axb4 42. cxb4 d5 43. Bf3 Ke6 44. Bd1 Kf5 45. Ke3 Nc4+ 46. Kf2 e4 47. Bb3 Ke5 48. b5 Kd6 49. g3 g5 50. gxh4 gxh4 51. b6 Nxb6 52. Ke3 Ke5 53. Ke2 d4 0-1

[Event "Capablanca Memorial-14 GM"]
[Site "Cienfuegos"]
[Date "1977.05.29"]
[Round "10"]
[White "Ermenkov, Evgenij"]
[Black "Ferrera, Benjamin"]
[Result "1/2-1/2"]
[WhiteElo "2445"]
[BlackElo "2310"]
[PlyCount "63"]
[EventDate "1977.05.18"]
[EventType "tourn"]
[EventRounds "17"]
[EventCountry "CUB"]
[SourceTitle "EXT 1999"]
[Source "ChessBase"]
[SourceDate "1998.11.16"]
[SourceVersion "1"]
[SourceVersionDate "1998.11.16"]
[SourceQuality "1"]

1. e4 c5 2. Nf3 Nc6 3. Bb5 g6 4. 0-0 Bg7 5. c3 Nf6 6. Re1 0-0 7. d4 cxd4 8. cxd4 d5 9. e5 Ne4 10. Nc3 Bg4 11. Nxe4 dxe4 12. Bxc6 Bxf3 13. gxf3 bxc6 14. fxe4 c5 15. Be3 Qb8 16. Qb3 Qc8 17. f3 Qh3 18. Rf1 Rfd8 19. Rad1 Rab8 20. dxc5 Bxe5 21. Rxd8+ Rxd8 22. Rf2 h6 23. c6 Bxh2+ 24. Rxh2 Qg3+ 25. Kh1 Qxf3+ 26. Rg2 Qh5+ 27. Kg1 Rd1+ 28. Kf2 Qh4+ 29. Ke2 Qh5+ 30. Kf2 Qh4+ 31. Ke2 Qh5+ 32. Kf2 1/2-1/2

[Event "Capablanca Memorial 14th"]
[Site "Cienfuegos"]
[Date "1977.05.21"]
[Round "4"]
[White "Garcia Gonzales, Guillermo"]
[Black "Ferrera, Benjamin"]
[Result "1-0"]
[WhiteElo "2485"]
[BlackElo "2310"]
[PlyCount "49"]
[EventDate "1977.05.18"]
[EventType "tourn"]
[EventRounds "17"]
[EventCountry "CUB"]
[SourceTitle "EXT 2022"]
[Source "ChessBase"]
[SourceDate "2021.10.06"]
[SourceVersion "1"]
[SourceVersionDate "2021.10.06"]
[SourceQuality "1"]

1. d4 Nf6 2. c4 c5 3. Nf3 g6 4. Nc3 Bg7 5. d5 d6 6. e4 b5 7. cxb5 a6 8. bxa6 0-0 9. Be2 Bxa6 10. 0-0 Qc7 11. h3 Nbd7 12. Rb1 Rfb8 13. Bxa6 Rxa6 14. Qe2 Rab6 15. Nd2 Nh5 16. Nd1 Bd4 17. Nf3 Ng3 18. Qc2 Nxf1 19. Nxd4 Ne5 20. Ne2 Qa7 21. f4 Nd7 22. Ndc3 c4 23. Kxf1 Rb4 24. Bd2 Qb7 25. Na4 1-0

[Event "Capablanca Memorial-13 Group C"]
[Site "Cienfuegos"]
[Date "1976.06.02"]
[Round "17"]
[White "Pinal, Nelson Borges"]
[Black "Ferrera, Benjamin"]
[Result "1/2-1/2"]
[WhiteElo "2315"]
[BlackElo "2375"]
[PlyCount "21"]
[EventDate "1976.05.17"]
[EventType "tourn"]
[EventRounds "17"]
[EventCountry "CUB"]
[EventCategory "4"]
[SourceTitle "EXT 2000"]
[Source "ChessBase"]
[SourceDate "1999.11.16"]
[SourceVersion "1"]
[SourceVersionDate "1999.11.16"]
[SourceQuality "1"]

1. e4 e5 2. Nf3 Nf6 3. Nxe5 Nxe4 4. Qe2 Qe7 5. Qxe4 Nc6 6. Nc3 Qxe5 7. Qxe5+ Nxe5 8. d4 Ng6 9. Bd2 Be7 10. 0-0-0 0-0 11. Bd3 1/2-1/2